[Event "Coventry International"]
[Site "Coventry"]
[Date "2025.10.30"]
[Round "7.26"]
[White "Vaidyanathan, Sathya"]
[Black "Ireland, David J"]
[Result "0-1"]
[WhiteElo "1770"]
[BlackElo "1956"]
[PlyCount "116"]
[EventDate "2025.10.26"]
[EventType "swiss"]
[EventRounds "9"]
[EventCountry "ENG"]
[SourceTitle "BritBase"]
[Source "John Saunders"]
[SourceDate "2025.10.31"]
[SourceVersion "1"]
[SourceVersionDate "2025.10.31"]
[SourceQuality "1"]

1. e4 Nc6 2. d4 e5 3. Nf3 exd4 4. Nxd4 Bc5 5. Nb3 Bb6 6. Nc3 d6 7. Qe2 Be6 8. Be3 Nf6 9. f3 Qe7 10. O-O-O O-O-O 11. Bxb6 axb6 12. Nd4 Nxd4 13. Rxd4 Bd7 14. g3 Rhe8 15. Bg2 Bc6 16. Re1 Qe5 17. Rdd1 Qa5 18. Rd4 Re7 19. Kb1 Rde8 20. Qe3 h6 21. Qf4 Qg5 22. Qxg5 hxg5 23. Red1 g4 24. fxg4 Nxg4 25. Bh3 Bd7 26. Bxg4 Bxg4 27. Re1 f5 28. Kc1 Bf3 29. Re3 Bxe4 30. Nxe4 Rxe4 31. Rdxe4 Rxe4 32. Rf3 g6 33. Kd2 Kd7 34. Ra3 g5 35. Rf3 Re5 36. Kd3 Ke6 37. Kd2 Ra5 38. a3 c6 39. Rb3 Rd5+ 40. Ke2 b5 41. Ke1 g4 42. Ke2 Re5+ 43. Kf2 Re4 44. Rd3 d5 45. b4 Ke5 46. Kf1 d4 47. Kf2 Kd5 48. Rb3 Kc4 49. Rd3 b6 50. Rb3 Kd5 51. Rd3 c5 52. Rb3 c4 53. Rb2 d3 54. cxd3 cxd3 55. Ra2 Kc4 56. Kf1 Kc3 57. Ra1 d2 58. Kf2 Kb2 0-1

[Event "Coventry International"]
[Site "Coventry"]
[Date "2025.10.30"]
[Round "7.27"]
[White "Lazarus, Simon E"]
[Black "Shivakumar, Akshath"]
[Result "0-1"]
[WhiteElo "1910"]
[BlackElo "1872"]
[PlyCount "108"]
[EventDate "2025.10.26"]
[EventType "swiss"]
[EventRounds "9"]
[EventCountry "ENG"]
[SourceTitle "BritBase"]
[Source "John Saunders"]
[SourceDate "2025.10.31"]
[SourceVersion "1"]
[SourceVersionDate "2025.10.31"]
[SourceQuality "1"]

1. d4 d5 2. c4 e6 3. cxd5 exd5 4. Nc3 c6 5. Bf4 Nf6 6. Qc2 Bb4 7. e3 O-O 8. Bd3 Re8 9. Nge2 Nbd7 10. O-O h6 11. h3 Nf8 12. a3 Bxc3 13. Nxc3 Ne6 14. Be5 Nd7 15. Bh2 Ng5 16. b4 Nf6 17. Bf5 Nfe4 18. Bxc8 Qxc8 19. h4 Nh7 20. f3 Nxc3 21. Qxc3 Qd8 22. Bg3 Nf6 23. Rfe1 Re6 24. a4 Nh5 25. Bf2 Rg6 26. Rac1 Qf6 27. Kf1 Ng3+ 28. Bxg3 Rxg3 29. Kf2 Qxh4 30. Rg1 Re8 31. Qe1 Rg4+ 32. g3 Qf6 33. Kg2 Rxd4 34. Qc3 Rc4 35. Qxf6 gxf6 36. Rxc4 dxc4 37. Kf2 Rd8 38. Ke2 Rd3 39. Rh1 Kg7 40. Rh5 Rb3 41. b5 Rb4 42. bxc6 bxc6 43. Ra5 Rb2+ 44. Kd1 Rf2 45. Rc5 Rxf3 46. Ke2 Rxg3 47. Rxc4 Rg5 48. Rxc6 a5 49. Ra6 h5 50. Rb6 h4 51. Rb5 h3 52. Kf2 h2 53. Rb1 Rg4 54. Ra1 Rxa4 0-1

[Event "Coventry International"]
[Site "Coventry"]
[Date "2025.10.30"]
[Round "7.28"]
[White "Edwards, Rhys"]
[Black "McMahon, Paul"]
[Result "1/2-1/2"]
[WhiteElo "1751"]
[BlackElo "1894"]
[PlyCount "94"]
[EventDate "2025.10.26"]
[EventType "swiss"]
[EventRounds "9"]
[EventCountry "ENG"]
[SourceTitle "BritBase"]
[Source "John Saunders"]
[SourceDate "2025.10.31"]
[SourceVersion "1"]
[SourceVersionDate "2025.10.31"]
[SourceQuality "1"]

1. d4 d5 2. Nf3 Nf6 3. c4 e6 4. Nc3 Be7 5. Bg5 b6 6. cxd5 exd5 7. e3 O-O 8. Qc2 Bb7 9. Bd3 h6 10. Bh4 Nbd7 11. O-O c5 12. dxc5 bxc5 13. Ne2 Rc8 14. Nd2 Re8 15. Bb5 Qb6 16. Qa4 Bc6 17. Bxc6 Rxc6 18. Rfe1 Rc7 19. Bg3 Rb7 20. Rab1 Bd6 21. Bxd6 Qxd6 22. Qc2 Ng4 23. Ng3 Nge5 24. Rbc1 Qa6 25. Ra1 Nd3 26. Reb1 Nb4 27. Qb3 Reb8 28. Nf3 Qg6 29. Ne1 c4 30. Qd1 Nc5 31. Ne2 Qf6 32. Nf4 Qf5 33. a3 Nbd3 34. Nfxd3 cxd3 35. b4 Ne4 36. Rb2 d2 37. Nf3 Rc7 38. Qf1 Qf6 39. Nd4 Rbc8 40. Rbb1 Rc1 41. Rxc1 Rxc1 42. Rxc1 Qxf2+ 43. Kh1 dxc1=Q 44. Qxc1 Qh4 45. Qc8+ Kh7 46. Qf5+ Kh8 47. Qc8+ Kh7 1/2-1/2

[Event "Coventry International"]
[Site "Coventry"]
[Date "2025.10.30"]
[Round "7.29"]
[White "Manickam, Saravanna Bava"]
[Black "Patel, Devan"]
[Result "1-0"]
[WhiteElo "1808"]
[BlackElo "1938"]
[PlyCount "49"]
[EventDate "2025.10.26"]
[EventType "swiss"]
[EventRounds "9"]
[EventCountry "ENG"]
[SourceTitle "BritBase"]
[Source "John Saunders"]
[SourceDate "2025.10.31"]
[SourceVersion "1"]
[SourceVersionDate "2025.10.31"]
[SourceQuality "1"]

1. d4 Nf6 2. c4 e6 3. Nf3 d5 4. Bg5 Bb4+ 5. Nc3 dxc4 6. Qa4+ Nc6 7. e3 Bd7 8. Qc2 b5 9. a3 Ba5 10. Be2 h6 11. Bh4 Ne7 12. Ne5 Nf5 13. Bxf6 gxf6 14. Nxd7 Qxd7 15. O-O-O Nd6 16. e4 Bxc3 17. bxc3 Nb7 18. Bf3 Qe7 19. Qb2 O-O-O 20. e5 a6 21. a4 Na5 22. axb5 Nb3+ 23. Kc2 axb5 24. Bc6 b4 25. Ra1 1-0

[Event "Coventry International"]
[Site "Coventry"]
[Date "2025.10.30"]
[Round "7.30"]
[White "Sandhu, Manvith"]
[Black "Amir, Zain"]
[Result "1/2-1/2"]
[WhiteElo "1937"]
[BlackElo "1690"]
[PlyCount "31"]
[EventDate "2025.10.26"]
[EventType "swiss"]
[EventRounds "9"]
[EventCountry "ENG"]
[SourceTitle "BritBase"]
[Source "John Saunders"]
[SourceDate "2025.10.31"]
[SourceVersion "1"]
[SourceVersionDate "2025.10.31"]
[SourceQuality "1"]

1. e4 Nc6 2. Nf3 d6 3. d4 Nf6 4. Nc3 Bg4 5. d5 Bxf3 6. Qxf3 Ne5 7. Qe3 c6 8. Be2 Qb6 9. Qxb6 axb6 10. f4 Ned7 11. Be3 b5 12. Bf3 e5 13. dxe6 fxe6 14. O-O Be7 15. g4 h6 16. a3 1/2-1/2

[Event "Coventry International"]
[Site "Coventry"]
[Date "2025.10.30"]
[Round "7.31"]
[White "Ratcliffe, James"]
[Black "Moyse, Nigel J"]
[Result "1-0"]
[WhiteElo "1773"]
[BlackElo "1926"]
[PlyCount "81"]
[EventDate "2025.10.26"]
[EventType "swiss"]
[EventRounds "9"]
[EventCountry "ENG"]
[SourceTitle "BritBase"]
[Source "John Saunders"]
[SourceDate "2025.10.31"]
[SourceVersion "1"]
[SourceVersionDate "2025.10.31"]
[SourceQuality "1"]

1. e4 e6 2. d3 d5 3. Nd2 c5 4. Ngf3 Nc6 5. g3 Nf6 6. Bg2 Be7 7. O-O O-O 8. Re1 Re8 9. c3 dxe4 10. dxe4 e5 11. Qe2 Be6 12. Nc4 Qc7 13. Bg5 Bxc4 14. Qxc4 Na5 15. Qe2 c4 16. Bxf6 Bxf6 17. Rad1 Rad8 18. Rd5 a6 19. Red1 b5 20. Qe3 h6 21. h4 Nc6 22. Bh3 Ne7 23. Rd7 Rxd7 24. Rxd7 Qc6 25. Rd2 Ng6 26. Bd7 Qa8 27. Bxe8 Qxe8 28. h5 Nf8 29. Qb6 Qa8 30. Rd5 Qc8 31. Qe3 Qc7 32. Qc5 Qb8 33. Qd6 Qb7 34. Nxe5 Ne6 35. Ng6 Qc8 36. Ne7+ Bxe7 37. Qxe7 Qc6 38. Rd7 Ng5 39. Rd8+ Kh7 40. Qf8 Nf3+ 41. Kh1 1-0

[Event "Coventry International"]
[Site "Coventry"]
[Date "2025.10.30"]
[Round "7.32"]
[White "Swiatkowski, Dominik"]
[Black "Sherwood, Gabriel"]
[Result "0-1"]
[WhiteElo "1891"]
[BlackElo "1851"]
[PlyCount "76"]
[EventDate "2025.10.26"]
[EventType "swiss"]
[EventRounds "9"]
[EventCountry "ENG"]
[SourceTitle "BritBase"]
[Source "John Saunders"]
[SourceDate "2025.10.31"]
[SourceVersion "1"]
[SourceVersionDate "2025.10.31"]
[SourceQuality "1"]

1. Nf3 d5 2. g3 c5 3. Bg2 Nf6 4. O-O e6 5. c4 Nc6 6. d4 Be7 7. cxd5 exd5 8. Nc3 O-O 9. Bf4 h6 10. h4 Be6 11. Rc1 Rc8 12. Na4 c4 13. Nc3 Qa5 14. Ne5 Rfd8 15. Qd2 Qa6 16. Nxc6 Qxc6 17. Rfd1 b5 18. a3 a5 19. a4 bxa4 20. Ra1 Bb4 21. Qc2 Bxc3 22. bxc3 Bd7 23. Be5 Be8 24. Re1 Ng4 25. e4 Nxe5 26. exd5 Qg6 27. Be4 Nf3+ 28. Kf1 Nxe1 29. Rxe1 Qd6 30. Bf5 Bd7 31. Re5 Bxf5 32. Qxf5 Rb8 33. Kg2 Rb5 34. Qe4 Rxd5 35. Re8+ Rxe8 36. Qxe8+ Kh7 37. Qxf7 a3 38. g4 a2 0-1

[Event "Coventry International"]
[Site "Coventry"]
[Date "2025.10.30"]
[Round "7.33"]
[White "Swiatkowski, Aram"]
[Black "Mehmood, Muhammed"]
[Result "0-1"]
[WhiteElo "1860"]
[BlackElo "1660"]
[PlyCount "50"]
[EventDate "2025.10.26"]
[EventType "swiss"]
[EventRounds "9"]
[EventCountry "ENG"]
[SourceTitle "BritBase"]
[Source "John Saunders"]
[SourceDate "2025.10.31"]
[SourceVersion "1"]
[SourceVersionDate "2025.10.31"]
[SourceQuality "1"]

1. e4 c5 2. f4 d5 3. exd5 Nf6 4. Bb5+ Bd7 5. Bxd7+ Qxd7 6. Nf3 Nxd5 7. Ne5 Qe6 8. O-O Nc6 9. Nxc6 Qxc6 10. d3 O-O-O 11. Nc3 e6 12. f5 Nxc3 13. bxc3 e5 14. a4 f6 15. a5 a6 16. Rb1 Bd6 17. Bd2 Qc7 18. Qf3 Rhe8 19. Rb6 e4 20. Qh3 exd3 21. cxd3 Re2 22. Be3 Bxh2+ 23. Kh1 Rxd3 24. Re6 Be5 25. Rf3 Rexe3 0-1

[Event "Coventry International"]
[Site "Coventry"]
[Date "2025.10.30"]
[Round "7.34"]
[White "Tso, Chi Wai"]
[Black "Miller, George I"]
[Result "0-1"]
[WhiteElo "1817"]
[BlackElo "1873"]
[PlyCount "160"]
[EventDate "2025.10.26"]
[EventType "swiss"]
[EventRounds "9"]
[EventCountry "ENG"]
[SourceTitle "BritBase"]
[Source "John Saunders"]
[SourceDate "2025.10.31"]
[SourceVersion "1"]
[SourceVersionDate "2025.10.31"]
[SourceQuality "1"]

1. d4 Nf6 2. c4 e6 3. Nf3 Bb4+ 4. Bd2 Qe7 5. Nc3 b6 6. e3 Bb7 7. Be2 O-O 8. O-O d6 9. Ne4 Bxd2 10. Nexd2 c5 11. Re1 Ne4 12. Nxe4 Bxe4 13. Nd2 f5 14. Nxe4 fxe4 15. d5 Nd7 16. Bg4 e5 17. Be6+ Kh8 18. Qg4 Nf6 19. Qe2 Ng8 20. Rf1 Qg5 21. Qg4 Qxg4 22. Bxg4 Nh6 23. Be6 Rf6 24. a3 Nf7 25. b4 Nd8 26. Bd7 Rf7 27. Bg4 Rc7 28. Rfc1 g6 29. Rab1 Kg7 30. Kf1 h5 31. Bd1 cxb4 32. axb4 Rac8 33. Ra1 Rxc4 34. Rxa7+ Kf6 35. Rxc4 Rxc4 36. Ra8 Nf7 37. b5 Rb4 38. Ba4 Nh6 39. h3 g5 40. Ke1 Nf5 41. Kd2 Ne7 42. Rd8 Rxa4 43. Rxd6+ Kf7 44. Kc3 Ra2 45. Kc4 Rc2+ 46. Kb3 Rxf2 47. Rxb6 Nxd5 48. Rd6 Nxe3 49. b6 Rb2+ 50. Kc3 Rb5 51. Rd7+ Ke6 52. Rg7 Kf6 53. Rb7 Nd5+ 54. Kc4 Rxb6 55. Ra7 Ne3+ 56. Kc5 Re6 57. Ra2 h4 58. Re2 Nf5 59. Rxe4 Rd6 60. Re2 Rd1 61. Kc4 Ke6 62. Kc5 Rc1+ 63. Kb4 Kd5 64. Ra2 Ne3 65. Kb3 Rg1 66. Ra5+ Ke4 67. Ra4+ Kd3 68. Ra5 Nxg2 69. Rxe5 Nf4 70. Rf5 Ke4 71. Rc5 Nxh3 72. Rc4+ Kf3 73. Rc3+ Kg4 74. Kc2 Rg2+ 75. Kd1 Nf4 76. Ke1 h3 77. Rc8 h2 78. Rh8 Nh3 79. Rf8 h1=Q+ 80. Rf1 Rg1 0-1

[Event "Coventry International"]
[Site "Coventry"]
[Date "2025.10.30"]
[Round "7.35"]
[White "Matthews, Adrian Ms"]
[Black "Dissanayake, Sathsara"]
[Result "0-1"]
[WhiteElo "1804"]
[BlackElo "1845"]
[PlyCount "162"]
[EventDate "2025.10.26"]
[EventType "swiss"]
[EventRounds "9"]
[EventCountry "ENG"]
[SourceTitle "BritBase"]
[Source "John Saunders"]
[SourceDate "2025.10.31"]
[SourceVersion "1"]
[SourceVersionDate "2025.10.31"]
[SourceQuality "1"]

1. e4 d6 2. d4 Nf6 3. Bd3 g6 4. Bg5 Bg7 5. Qd2 O-O 6. Nf3 c5 7. c3 d5 8. Bxf6 exf6 9. O-O dxe4 10. Bxe4 f5 11. Bc2 Qb6 12. Bb3 cxd4 13. Nxd4 Rd8 14. Na3 Nc6 15. Nac2 Nxd4 16. Nxd4 Bxd4 17. cxd4 Rxd4 18. Qe3 Be6 19. Rfd1 Rxd1+ 20. Rxd1 Qxe3 21. fxe3 Bxb3 22. axb3 Re8 23. Rd7 b5 24. Kf2 a6 25. Ra7 Re6 26. Kf3 Kg7 27. g3 Rd6 28. Ke2 h6 29. h4 Kf6 30. Ra8 Kg7 31. Ra7 g5 32. hxg5 hxg5 33. Ra8 f6 34. Rc8 Kg6 35. Rc5 Kh5 36. Kf3 Rd2 37. Rxf5 Kg6 38. Rc5 Rxb2 39. Rc3 a5 40. g4 b4 41. Rd3 Ra2 42. Ke4 Ra3 43. Rd5 Rxb3 44. Rxa5 Rb1 45. Rb5 b3 46. Rb7 b2 47. Rb8 Kf7 48. Rb6 Ke7 49. Rb8 Kd7 50. Rb6 Kc7 51. Rb3 Kc6 52. Rb8 Kc5 53. Rb7 Kc4 54. Rc7+ Kb3 55. Rb7+ Kc2 56. Rc7+ Kd2 57. Rb7 Ke2 58. Rb6 Kf2 59. Rxf6+ Kg3 60. Rf3+ Kxg4 61. Rf2 Kg3 62. Rd2 g4 63. Kd4 Kf3 64. e4 g3 65. Rd3+ Kf4 66. Rd2 Re1 67. Rxb2 Rxe4+ 68. Kd5 Re8 69. Rb4+ Kf3 70. Rb3+ Kg2 71. Rb7 Kg1 72. Rg7 g2 73. Ra7 Re2 74. Rf7 Rf2 75. Ra7 Kh2 76. Rh7+ Kg3 77. Rg7+ Kh2 78. Rh7+ Kg1 79. Ra7 Re2 80. Kd4 Kf1 81. Kd3 g1=Q 0-1

[Event "Coventry International"]
[Site "Coventry"]
[Date "2025.10.30"]
[Round "8.1"]
[White "Wang, Hao ZJ"]
[Black "Wadsworth, Matthew J"]
[Result "1-0"]
[WhiteElo "2424"]
[BlackElo "2487"]
[PlyCount "111"]
[EventDate "2025.10.26"]
[EventType "swiss"]
[EventRounds "9"]
[EventCountry "ENG"]
[SourceTitle "BritBase"]
[Source "John Saunders"]
[SourceDate "2025.10.31"]
[SourceVersion "1"]
[SourceVersionDate "2025.10.31"]
[SourceQuality "1"]

1. Nf3 Nf6 2. c4 e6 3. g3 d5 4. Bg2 d4 5. O-O c5 6. d3 Nc6 7. e3 Bd6 8. exd4 cxd4 9. Bg5 h6 10. Bxf6 Qxf6 11. Nbd2 Qe7 12. a3 a5 13. Ne4 Bc7 14. b4 axb4 15. axb4 Rxa1 16. Qxa1 Qxb4 17. Rb1 Qe7 18. Nxd4 Nxd4 19. Qxd4 O-O 20. Qc5 Qd8 21. Qe3 f5 22. Nc5 f4 23. Qe4 fxg3 24. hxg3 Bb6 25. d4 Bxc5 26. dxc5 Qd2 27. Bf3 Qg5 28. Rb5 Qf6 29. Kg2 Kh8 30. Rb3 e5 31. Re3 Re8 32. Bh5 Rf8 33. Bf3 Re8 34. Qd5 Qf5 35. Be4 Qh5 36. Bc2 Bh3+ 37. Kg1 Be6 38. Qe4 Bg8 39. Qxb7 e4 40. c6 Rf8 41. Qd7 Bxc4 42. Bxe4 Qa5 43. Qd4 Rd8 44. Qxc4 Rd1+ 45. Kg2 Qh5 46. Qf1 Rxf1 47. Kxf1 Qc5 48. Kg1 g5 49. Rd3 Qc4 50. Rd8+ Kg7 51. Rd7+ Kf6 52. c7 Qc1+ 53. Kg2 Ke6 54. Rh7 Kd6 55. Rxh6+ Kxc7 56. Rc6+ 1-0

[Event "Coventry International"]
[Site "Coventry"]
[Date "2025.10.30"]
[Round "8.2"]
[White "Willow, Jonah B"]
[Black "Lohia, Sohum"]
[Result "0-1"]
[WhiteElo "2472"]
[BlackElo "2391"]
[PlyCount "132"]
[EventDate "2025.10.26"]
[EventType "swiss"]
[EventRounds "9"]
[EventCountry "ENG"]
[SourceTitle "BritBase"]
[Source "John Saunders"]
[SourceDate "2025.10.31"]
[SourceVersion "1"]
[SourceVersionDate "2025.10.31"]
[SourceQuality "1"]

1. c4 e6 2. g3 d5 3. Bg2 Nf6 4. Nf3 Be7 5. O-O O-O 6. b3 c5 7. d3 Nc6 8. e3 b6 9. Bb2 Bb7 10. Nc3 dxc4 11. bxc4 Qd7 12. Qe2 Rac8 13. Rad1 Rfd8 14. Ne1 Na5 15. f4 a6 16. a4 Bxg2 17. Nxg2 Nc6 18. g4 Ne8 19. g5 Nd6 20. Rf3 g6 21. Ba1 Bf8 22. Nb1 Bg7 23. Bxg7 Kxg7 24. Nc3 Kg8 25. Qf2 Qe7 26. e4 h5 27. gxh6 Kh7 28. e5 Nf5 29. Ne4 Kxh6 30. Qb2 Rb8 31. Ne3 Ncd4 32. Nxf5+ Nxf5 33. Rdf1 Kg7 34. Rh3 Rh8 35. Rxh8 Rxh8 36. Nf6 Qb7 37. a5 Ng3 38. Ne4 Nxf1 39. Kxf1 b5 40. cxb5 axb5 41. f5 gxf5 42. Qg2+ Kf8 43. Qg5 Qd5 44. Nf2 Rxh2 45. a6 Qa8 46. a7 Qxa7 47. Kg1 Qa1+ 48. Kxh2 Qxe5+ 49. Kh3 Qh8+ 50. Kg3 Qg7 51. Kh4 Qxg5+ 52. Kxg5 Ke7 53. Nd1 Kd6 54. Kf4 c4 55. dxc4 bxc4 56. Nc3 Kc5 57. Ke3 e5 58. Kd2 f4 59. Ne4+ Kd4 60. Nc3 f3 61. Nb5+ Kc5 62. Nc3 f5 63. Ke3 e4 64. Nd1 Kb4 65. Kd4 Kb3 66. Ne3 c3 0-1

[Event "Coventry International"]
[Site "Coventry"]
[Date "2025.10.30"]
[Round "8.4"]
[White "Kanyamarala, Tarun"]
[Black "Gormally, Daniel W"]
[Result "1/2-1/2"]
[WhiteElo "2376"]
[BlackElo "2396"]
[PlyCount "128"]
[EventDate "2025.10.26"]
[EventType "swiss"]
[EventRounds "9"]
[EventCountry "ENG"]
[SourceTitle "BritBase"]
[Source "John Saunders"]
[SourceDate "2025.10.31"]
[SourceVersion "1"]
[SourceVersionDate "2025.10.31"]
[SourceQuality "1"]

1. e4 c5 2. Nc3 Nc6 3. Nf3 d6 4. d4 cxd4 5. Nxd4 Nf6 6. Bc4 Qb6 7. Nb3 e6 8. O-O Be7 9. Be3 Qc7 10. Be2 O-O 11. Kh1 a6 12. f4 b5 13. Bd3 Bb7 14. a3 Rac8 15. Qf3 b4 16. Na4 bxa3 17. bxa3 Nb8 18. Nb6 Rcd8 19. Na5 Bc6 20. Nxc6 Qxc6 21. a4 Nbd7 22. a5 Nc5 23. Bxc5 Qxc5 24. Bxa6 Rb8 25. Bd3 Bd8 26. Nc4 d5 27. exd5 exd5 28. Nd2 Ra8 29. a6 Bb6 30. Qh3 Rfe8 31. Qf5 Qc3 32. Nf3 g6 33. Qh3 Ne4 34. Ng5 Nf2+ 35. Rxf2 Qxa1+ 36. Rf1 Qg7 37. f5 Re3 38. Qg4 Qd4 39. Qxd4 Bxd4 40. fxg6 fxg6 41. Bb5 Rc3 42. Ne6 Be5 43. Bd3 Re8 44. Ng5 Ra3 45. g3 Ra8 46. Ne6 Re8 47. Nc5 Bd4 48. Nb3 Bg7 49. Rf4 Re6 50. Rb4 Rexa6 51. Bxa6 Rxa6 52. Rb8+ Bf8 53. Rd8 Rd6 54. Rc8 Kf7 55. Nd4 Rd7 56. Nf3 Bd6 57. Kg2 Kf6 58. g4 Rc7 59. Rxc7 Bxc7 60. Kf2 Bf4 61. h3 Ke6 62. Ke2 Kd6 63. Kd3 Kc5 64. Kc3 Be3 1/2-1/2

[Event "Coventry International"]
[Site "Coventry"]
[Date "2025.10.30"]
[Round "8.5"]
[White "Golubka, Petr"]
[Black "Hebden, Mark L"]
[Result "1/2-1/2"]
[WhiteElo "2385"]
[BlackElo "2355"]
[PlyCount "61"]
[EventDate "2025.10.26"]
[EventType "swiss"]
[EventRounds "9"]
[EventCountry "ENG"]
[SourceTitle "BritBase"]
[Source "John Saunders"]
[SourceDate "2025.10.31"]
[SourceVersion "1"]
[SourceVersionDate "2025.10.31"]
[SourceQuality "1"]

1. d4 Nf6 2. c4 c5 3. d5 b5 4. Qc2 g6 5. e4 d6 6. h3 Bg7 7. Nf3 O-O 8. cxb5 a6 9. b6 Nbd7 10. Nc3 Nxb6 11. Be2 a5 12. a4 e6 13. dxe6 Bxe6 14. O-O d5 15. Ng5 Bd7 16. exd5 Bf5 17. Qb3 h6 18. Nf3 Nfxd5 19. Rd1 Qe7 20. Rxd5 Nxd5 21. Qxd5 Bxc3 22. bxc3 Qxe2 23. Bxh6 Rfd8 24. Qxc5 Rac8 25. Qxa5 Rd1+ 26. Rxd1 Qxd1+ 27. Kh2 Qd6+ 28. Kg1 Qd1+ 29. Kh2 Qd6+ 30. Kg1 Qd1+ 31. Kh2 1/2-1/2

[Event "Coventry International"]
[Site "Coventry"]
[Date "2025.10.30"]
[Round "8.6"]
[White "Harikrishnan, A Ra"]
[Black "Shearsby, Jude"]
[Result "1-0"]
[WhiteElo "2534"]
[BlackElo "2330"]
[PlyCount "95"]
[EventDate "2025.10.26"]
[EventType "swiss"]
[EventRounds "9"]
[EventCountry "ENG"]
[SourceTitle "BritBase"]
[Source "John Saunders"]
[SourceDate "2025.10.31"]
[SourceVersion "1"]
[SourceVersionDate "2025.10.31"]
[SourceQuality "1"]

1. d4 f5 2. Bg5 h6 3. Bh4 g5 4. e3 Bg7 5. Bg3 c5 6. c3 Qb6 7. Nd2 Nf6 8. Bd3 Qxb2 9. Bxf5 Qxc3 10. Bg6+ Kd8 11. Rc1 Qa3 12. dxc5 Qa6 13. Nc4 Nd5 14. Qxd5 Qxg6 15. Ne5 Qe6 16. Qxe6 dxe6 17. Nf7+ Ke8 18. Nxh8 Bxh8 19. Ne2 Bd7 20. f3 Na6 21. h4 Bf6 22. hxg5 hxg5 23. f4 gxf4 24. Nxf4 Rc8 25. Rh5 Kf7 26. Bh4 Bxh4+ 27. Rxh4 Nxc5 28. Rh5 b6 29. Kf1 Kf6 30. Kg1 e5 31. Nd5+ Ke6 32. Rd1 Ne4 33. Rh7 Rc2 34. Rxe7+ Kd6 35. Rxd7+ Kxd7 36. Nf6+ Ke6 37. Nxe4 Rxa2 38. Rd2 Rxd2 39. Nxd2 a5 40. e4 b5 41. Kf2 a4 42. g4 Kf6 43. Kg3 Kg5 44. Nf3+ Kf6 45. g5+ Kg6 46. Kg4 b4 47. Nxe5+ Kg7 48. Nc4 1-0

[Event "Coventry International"]
[Site "Coventry"]
[Date "2025.10.30"]
[Round "8.7"]
[White "Jackson, James P"]
[Black "Turner, Max N"]
[Result "1-0"]
[WhiteElo "2365"]
[BlackElo "2255"]
[PlyCount "195"]
[EventDate "2025.10.26"]
[EventType "swiss"]
[EventRounds "9"]
[EventCountry "ENG"]
[SourceTitle "BritBase"]
[Source "John Saunders"]
[SourceDate "2025.10.31"]
[SourceVersion "1"]
[SourceVersionDate "2025.10.31"]
[SourceQuality "1"]

1. d4 d5 2. c4 e6 3. Nc3 Nf6 4. Nf3 h6 5. g3 c5 6. cxd5 exd5 7. Bg2 Nc6 8. O-O Be7 9. dxc5 Bxc5 10. Na4 Be7 11. Be3 O-O 12. Bc5 Re8 13. Rc1 Bxc5 14. Nxc5 Qb6 15. Na4 Qb4 16. e3 Bg4 17. h3 Bh5 18. a3 Qe7 19. Nc5 Rad8 20. Qa4 Bxf3 21. Bxf3 Ne5 22. Bg2 b6 23. Nb3 Nc4 24. Nd4 Rc8 25. Rc2 Ne4 26. Qb4 Rc5 27. Qe1 Qf6 28. Qe2 Ncd6 29. Rfc1 Rec8 30. h4 R8c7 31. h5 Qg5 32. Bf3 Qe5 33. Kg2 Nf6 34. Rxc5 bxc5 35. Nb5 Nxb5 36. Qxb5 Ne4 37. Rd1 Kh7 38. Qd3 Qxb2 39. Bxe4+ dxe4 40. Qxe4+ g6 41. Rd6 Qb7 42. hxg6+ fxg6 43. Qxb7 Rxb7 44. Rc6 Rb3 45. Rc7+ Kg8 46. Rxa7 c4 47. a4 c3 48. Rc7 Ra3 49. f4 h5 50. Kf3 Rxa4 51. Rxc3 Kg7 52. g4 hxg4+ 53. Kxg4 Kf6 54. Rc6+ Kf7 55. Rc5 Ra1 56. Rc4 Kf6 57. Kf3 Ra3 58. Rb4 Kf5 59. Rb5+ Kf6 60. Rc5 Rb3 61. Ke4 Ra3 62. Rc6+ Kf7 63. Kd4 Ra5 64. e4 Ra1 65. Kd5 Rd1+ 66. Ke5 Rd7 67. Rf6+ Kg7 68. Rd6 Re7+ 69. Kd5 Kf7 70. e5 Ra7 71. Rf6+ Kg7 72. Rc6 Rd7+ 73. Ke6 Rf7 74. Rc4 Ra7 75. Kd6 Kf7 76. Rc6 Rb7 77. Kc5 Ra7 78. Rf6+ Kg7 79. Kd5 Ra5+ 80. Ke4 Ra4+ 81. Kf3 Ra3+ 82. Kg4 Ra1 83. Rc6 Kf7 84. Rc7+ Ke6 85. Kg5 Rg1+ 86. Kh6 Rg4 87. Rc6+ Kd7 88. Rf6 Ke8 89. Kh7 Kd7 90. Kg8 Ke8 91. Rf7 Rh4 92. Rf8+ Ke7 93. Rf6 Rg4 94. Kg7 Ke8 95. Rf7 g5 96. f5 Re4 97. e6 g4 98. Kf6 1-0

[Event "Coventry International"]
[Site "Coventry"]
[Date "2025.10.30"]
[Round "8.8"]
[White "Vijayakumar, Rishi"]
[Black "Vaidyanathan, Adithya"]
[Result "1/2-1/2"]
[WhiteElo "2300"]
[BlackElo "2129"]
[PlyCount "81"]
[EventDate "2025.10.26"]
[EventType "swiss"]
[EventRounds "9"]
[EventCountry "ENG"]
[SourceTitle "BritBase"]
[Source "John Saunders"]
[SourceDate "2025.10.31"]
[SourceVersion "1"]
[SourceVersionDate "2025.10.31"]
[SourceQuality "1"]

1. h3 c5 2. c4 g6 3. Nf3 Bg7 4. d4 cxd4 5. Nxd4 Nc6 6. Nc2 Nf6 7. Nc3 O-O 8. e4 d6 9. Be2 a5 10. O-O a4 11. Be3 Nd7 12. Qd2 Nc5 13. Bh6 Bxh6 14. Qxh6 Qb6 15. Qe3 Be6 16. Rab1 Rfc8 17. Nd5 Bxd5 18. exd5 Nb4 19. Nxb4 Qxb4 20. Rfd1 Re8 21. Qd4 Na6 22. Bg4 Qc5 23. Bd7 Red8 24. Bxa4 Qxd4 25. Rxd4 Nb4 26. b3 Nxa2 27. Re1 Kf8 28. Rde4 Nc3 29. Rxe7 Nxa4 30. bxa4 Rxa4 31. Rc7 Re8 32. Rb1 Re2 33. c5 Raa2 34. cxd6 Rxf2 35. d7 Rxg2+ 36. Kf1 Rgf2+ 37. Kg1 Rg2+ 38. Kf1 Rgf2+ 39. Ke1 Rae2+ 40. Kd1 Rd2+ 41. Ke1 1/2-1/2

[Event "Coventry International"]
[Site "Coventry"]
[Date "2025.10.30"]
[Round "8.9"]
[White "Zhang, Junyi"]
[Black "Mirzoeva, Elmira"]
[Result "1-0"]
[WhiteElo "2058"]
[BlackElo "2300"]
[PlyCount "83"]
[EventDate "2025.10.26"]
[EventType "swiss"]
[EventRounds "9"]
[EventCountry "ENG"]
[SourceTitle "BritBase"]
[Source "John Saunders"]
[SourceDate "2025.10.31"]
[SourceVersion "1"]
[SourceVersionDate "2025.10.31"]
[SourceQuality "1"]

1. e4 d6 2. d4 Nf6 3. Nc3 Nbd7 4. g3 e5 5. Nge2 Be7 6. Bg2 c6 7. a4 O-O 8. O-O Qc7 9. h3 Re8 10. Be3 exd4 11. Bxd4 Nc5 12. g4 Be6 13. Ng3 Nfd7 14. b3 Rad8 15. f4 f6 16. Qf3 a5 17. Rae1 Bf8 18. h4 Nb6 19. g5 Qf7 20. f5 Bc8 21. Qh5 Qe7 22. Bxc5 dxc5 23. e5 fxe5 24. Nce4 Nd5 25. f6 Qf7 26. fxg7 Qxg7 27. c4 Nf4 28. Nf6+ Qxf6 29. gxf6 Nxh5 30. f7+ Kh8 31. fxe8=Q Rxe8 32. Nxh5 Bh6 33. Nf6 Rd8 34. Rd1 Be3+ 35. Kh2 Bd4 36. Be4 h6 37. Rd3 Be6 38. Rdf3 Rb8 39. Nh5 Kg8 40. Rf6 Re8 41. Rg6+ Kh8 42. Rxe6 1-0